| 000 | 00946nam a2200277 i 4500 | ||
|---|---|---|---|
| 003 | DO-SdBNP | ||
| 005 | 20251029134809.0 | ||
| 006 | a||||gr|||| 00| 0 | ||
| 007 | ta | ||
| 008 | 240403t2013 dr ||||| |||| 00| e spa d | ||
| 020 | _a9789945475623 | ||
| 040 |
_aDO-SdBNP _bspa _cBNPHU _erda |
||
| 082 | 4 |
_222 _bJ94p |
|
| 245 | 1 | 0 |
_aJulio Jaime Julia: _bpensar alto/ _cJosé Rafael Vargas, compilador. |
| 264 | 4 |
_aSanto Domingo : _bDirección General de la Feria del Libro, _c2013 |
|
| 300 |
_a579 páginas ; _c23 cm. |
||
| 336 |
_2rdacontent _atexto _btxt |
||
| 337 |
_2rdamedia _asin mediación _bn |
||
| 338 |
_2rdacarrier _avolumen _bnc |
||
| 590 | _aInventariado 2024 / MF | ||
| 600 | 1 | 0 |
_aJulia, Julio Jaime _d1922-1993 _xBiografía _920185 |
| 650 | 4 |
_aEnsayos dominicanos _912378 |
|
| 650 | 0 |
_aVida intelectual _zRepública Dominicana _vEnsayos, conferencias, etc. _9333 |
|
| 700 | 1 |
_aVargas, José Rafael, _921851 _ecompilador |
|
| 942 |
_2ddc _cLBS1 |
||
| 999 |
_c56236 _d56236 |
||